000 00513nam a2200181Ia 4500
003 OSt
005 20200703130628.0
008 190216s9999||||xx |||||||||||||| ||und||
020 _a9788121917124
040 _coclc
082 _a940
_bSEN/E
100 _aSen, Sailendra Nath
_93516
245 0 _aEurope And The World 1789-1945 /
_cSailendra Nath Sen
260 _bS. Chand & Co,
_c1998.
_aNew Delhi:
300 _a803p
650 _aHistory
942 _cBK
_2ddc
_h940
_iSEN/E
_k940
_mSEN/E
999 _c20921
_d20921